000 00271nam a2200097Ia 4500
001 683980
005 20250826161448.0
008 250824s9999 xx 000 0 und d
245 0 _aDEĞERLER BİİLANÇOSU BEYAZ KİTAP
_cHASAN HÜSEYİN BİRCAN
260 _bÇİZGİ YAYINLARI
999 _c683980
_d683980